[Event "Guernsey Open"]
[Site "Guernsey GCI"]
[Date "2007.10.24"]
[Round "4"]
[White "Rodrigues, D."]
[Black "De Kruif, Kees"]
[Result "1/2-1/2"]
[WhiteElo "1855"]
[BlackElo "2063"]
[PlyCount "83"]
[EventDate "2006.10.15"]
[SourceDate "2006.10.28"]

1. e4 c5 2. Nf3 d6 3. Bb5+ Bd7 4. Bxd7+ Nxd7 5. O-O Ngf6 6. Qe2 e6 7. b3 Be7 8.
Bb2 O-O 9. c4 Nh5 10. g3 Nhf6 11. d4 cxd4 12. Nxd4 a6 13. Nc3 Qa5 14. Nc2 Rad8
15. Ne3 Qg5 16. f4 Qc5 17. Kh1 Qc6 18. Qf3 Nc5 19. Nc2 b5 20. Nd4 Qa8 21. cxb5
Ncxe4 22. Nc6 d5 23. Nxe7+ Kh8 24. Nc6 Nd2 25. Qg2 Nxf1 26. Nxd8 Ne3 27. Nxf7+
Rxf7 28. Qf3 axb5 29. Nxb5 Ne4 30. Kg1 Nf5 31. Rc1 h6 32. a4 Qb7 33. Rc2 Qb6+
34. Kh1 Qb7 35. Nd4 Rc7 36. Rxc7 Qxc7 37. Nxf5 exf5 38. Be5 Qc2 39. Kg1 Kh7 40.
Qe3 Qd1+ 41. Kg2 Qc2+ 42. Kg1 1/2-1/2

[Event "Guernsey Open"]
[Site "Guernsey GCI"]
[Date "2007.10.24"]
[Round "4"]
[White "Jamieson, Ian"]
[Black "Glover, John"]
[Result "0-1"]
[WhiteElo "2014"]
[BlackElo "1945"]
[PlyCount "90"]
[EventDate "2006.10.15"]
[SourceDate "2006.10.28"]

1. b4 Nf6 2. Bb2 d5 3. e3 Bf5 4. Nf3 h6 5. c4 e6 6. Qb3 Be7 7. d4 O-O 8. Nbd2
c6 9. b5 c5 10. Be2 Nbd7 11. cxd5 exd5 12. O-O c4 13. Qc3 Re8 14. Ne5 Bd6 15.
f4 Ne4 16. Nxe4 Bxe4 17. Bh5 Rf8 18. a4 Nf6 19. Bf3 a5 20. Ba3 Qe7 21. Bxd6
Qxd6 22. Rfe1 Rfc8 23. Ra3 Qb4 24. Rc1 Rc7 25. Qa1 Qd6 26. Rac3 Rac8 {(=)} 27.
Kf2 h5 28. Rg1 g6 29. h3 Bd3 30. Ke1 Ne4 31. Bxe4 Bxe4 32. Kf2 Qf6 33. Nf3 Re7
34. Qa3 b6 35. Ng5 Bd3 36. Nf3 Rce8 37. Re1 Be4 38. Ng1 g5 39. g3 h4 40. Ne2
Bd3 41. Qc1 hxg3+ 42. Nxg3 gxf4 43. Nh1 fxe3+ 44. Kg1 Kh7 45. Kh2 Qf4+ 0-1

[Event "Guernsey Open"]
[Site "Guernsey GCI"]
[Date "2007.10.24"]
[Round "4"]
[White "Fassaert, DJM."]
[Black "Grant, David"]
[Result "1/2-1/2"]
[WhiteElo "2009"]
[BlackElo "1924"]
[PlyCount "34"]
[EventDate "2006.10.15"]
[SourceDate "2006.10.28"]

1. Nf3 g6 2. d4 Bg7 3. g3 c5 4. c3 Nf6 5. Bg2 O-O 6. O-O cxd4 7. cxd4 d5 8. Bf4
Qb6 9. Qc1 Nc6 10. Nc3 Rd8 11. Be5 Nxe5 12. dxe5 Ne4 13. Nxe4 dxe4 14. Ng5 Bxe5
15. Qc4 e6 16. Qxe4 Bxb2 17. Rab1 Rd5 1/2-1/2

[Event "Guernsey Open"]
[Site "Guernsey GCI"]
[Date "2007.10.24"]
[Round "4"]
[White "Cummins, John"]
[Black "Dennis, Nigel W"]
[Result "0-1"]
[WhiteElo "1935"]
[BlackElo "2005"]
[PlyCount "49"]
[EventDate "2006.10.15"]
[SourceDate "2006.10.28"]

1. e4 c5 2. Nf3 e6 3. g3 d5 4. e5 Nc6 5. c3 Be7 6. Bg2 f6 7. exf6 gxf6 8. d4
Qb6 9. Nbd2 cxd4 10. Nxd4 Nxd4 11. Qh5+ Kd8 12. cxd4 Qxd4 13. O-O f5 14. Nb3
Qg7 15. Qe2 Bd6 16. f4 Nf6 17. Be3 Re8 18. Rac1 Ke7 19. Bc5 Bxc5+ 20. Rxc5 Kf8
21. Rfc1 Bd7 22. Nd4 Ne4 23. Bxe4 Qxd4+ 24. Kg2 Qxe4+ 25. Kh3 0-1

[Event "Guernsey Open"]
[Site "Guernsey GCI"]
[Date "2007.10.24"]
[Round "4"]
[White "Hickman, John"]
[Black "Lazarus, Sam"]
[Result "1/2-1/2"]
[WhiteElo "2002"]
[BlackElo "1855"]
[PlyCount "69"]
[EventDate "2006.10.15"]
[SourceDate "2006.10.28"]

1. Nf3 d5 2. g3 Nf6 3. Bg2 c5 4. O-O Nc6 5. d3 e6 6. Nbd2 Be7 7. e4 O-O 8. Re1
b6 9. e5 Nd7 10. Nf1 Bb7 11. h4 Qc7 12. Bf4 b5 13. N1h2 a5 14. Ng4 Rfc8 15. Ng5
Qd8 16. c4 bxc4 17. dxc4 d4 18. Be4 Bxg5 19. hxg5 Rab8 20. Qf3 Rc7 21. Kg2 Ne7
22. Rh1 Bxe4 23. Qxe4 Ng6 24. b3 a4 25. Rab1 axb3 26. Rxb3 Rxb3 27. axb3 Qb8
28. Rb1 Qb7 29. Kf3 Nxf4 30. Kxf4 Qxe4+ 31. Kxe4 Rb7 32. b4 cxb4 33. Kxd4 Nb8
34. Ne3 Nc6+ 35. Ke4 1/2-1/2

[Event "Guernsey Open"]
[Site "Guernsey GCI"]
[Date "2007.10.24"]
[Round "4"]
[White "Guttridge, David"]
[Black "Brookfield, Toby"]
[Result "1/2-1/2"]
[WhiteElo "2001"]
[BlackElo "1709"]
[PlyCount "46"]
[EventDate "2006.10.15"]
[SourceDate "2006.10.28"]

1. e4 c5 2. Nc3 d6 3. g3 Nc6 4. Bg2 g6 5. d3 Bg7 6. Nge2 e6 7. O-O Nge7 8. Be3
O-O 9. Qd2 Rb8 10. Bh6 b5 11. Bxg7 Kxg7 12. Nd1 b4 13. Ne3 Qc7 14. f4 f5 15.
exf5 Nxf5 16. Nxf5+ exf5 17. Kh1 Bb7 18. c3 Ne7 19. Nc1 a5 20. cxb4 axb4 21.
Nb3 Bxg2+ 22. Qxg2 Qc6 23. Rfe1 Qxg2+ 1/2-1/2

[Event "Guernsey Open"]
[Site "Guernsey GCI"]
[Date "2007.10.24"]
[Round "4"]
[White "Dines, Sheila"]
[Black "Nicholson, J."]
[Result "1-0"]
[WhiteElo "1901"]
[BlackElo "1910"]
[PlyCount "41"]
[EventDate "2006.10.15"]
[SourceDate "2006.10.28"]

1. e4 e6 2. d4 d5 3. Nc3 Bb4 4. e5 c5 5. Bd2 Nc6 6. dxc5 Bxc5 7. Qg4 Kf8 8. Nf3
f5 9. Qh5 Nge7 10. Bb5 Bd7 11. O-O-O a6 12. Bxc6 bxc6 13. Ng5 Qe8 14. Qe2 a5
15. g4 Bb4 16. gxf5 Nxf5 17. Rhg1 c5 18. Qg4 Qe7 19. Be1 h6 20. Nh3 c4 21. Nf4
1-0

[Event "Guernsey Open"]
[Site "Guernsey GCI"]
[Date "2007.10.24"]
[Round "4"]
[White "Havenaar, Jan"]
[Black "Goman, Colin"]
[Result "1-0"]
[WhiteElo "2196"]
[BlackElo "1885"]
[PlyCount "101"]
[EventDate "2006.10.15"]
[SourceDate "2006.10.28"]

1. Nc3 d5 2. e4 d4 3. Nce2 e5 4. Ng3 Be6 5. c3 c5 6. Bb5+ Nd7 7. Nf3 f6 8. Qe2
Rc8 9. Bc4 Bxc4 10. Qxc4 Ne7 11. O-O Nb6 12. Qb5+ Qd7 13. Qxd7+ Kxd7 14. d3 Nc6
15. c4 Na8 16. Ne1 Nc7 17. f4 a6 18. Nf3 g6 19. fxe5 fxe5 20. Ng5 h6 21. Nf3
Be7 22. Bd2 b5 23. b3 b4 24. Rf2 Ne6 25. Raf1 Rcf8 26. Ne2 g5 27. Ng3 Nf4 28.
Ne1 h5 29. Nf5 h4 30. h3 Rfg8 31. Kh1 Nd8 32. Bxf4 exf4 33. Nf3 Nf7 34. a3 a5
35. axb4 axb4 36. Ra2 Ra8 37. Rfa1 Rxa2 38. Rxa2 Bf8 39. Ra7+ Ke6 40. Ra6+ Kd7
41. e5 Nd8 42. e6+ Ke8 43. Ne5 Rh7 44. Ng6 Rc7 45. Ra8 Be7 46. Ngxe7 Rxe7 47.
Nd6+ Kf8 48. Rxd8+ Kg7 49. Nf5+ Kf6 50. Nxe7 Kxe7 51. Rd5 1-0

[Event "Guernsey Open"]
[Site "Guernsey GCI"]
[Date "2007.10.24"]
[Round "4"]
[White "Lentjes, Noad"]
[Black "Tunstall, George"]
[Result "0-1"]
[WhiteElo "1884"]
[BlackElo "1895"]
[PlyCount "94"]
[EventDate "2006.10.15"]
[SourceDate "2006.10.28"]

1. e4 c5 2. Nf3 Nc6 3. c3 e6 4. d4 cxd4 5. cxd4 d5 6. exd5 exd5 7. Nc3 Nf6 8.
Bb5 a6 9. Bd3 Be7 10. O-O O-O 11. Bd2 Bg4 12. Be3 h6 13. Be2 Rc8 14. Qd2 Bb4
15. Rac1 Ne4 16. Qd1 Bxc3 17. bxc3 Na5 18. Qe1 Re8 19. Ne5 Bxe2 20. Qxe2 Nc4
21. Nxc4 Rxc4 22. Qb2 Qc7 23. Rb1 Nxc3 24. Rbe1 Rc8 25. Qd2 Ne4 26. Qe2 Qd7 27.
Qh5 Nf6 28. Qf3 Qg4 29. Rb1 Qxf3 30. gxf3 b5 31. Kh1 Rc2 32. Rg1 Kh7 33. Ra1
Ne8 34. Rgb1 R2c4 35. Rb3 Nd6 36. Rd1 Nf5 37. Rd2 Nh4 38. Rd1 Nxf3 39. Kg2 Nh4+
40. Kg3 Nf5+ 41. Kf3 Nxe3 42. Rxe3 Rc3 43. Rd2 Rxe3+ 44. fxe3 g5 45. e4 Rc3+
46. Kg4 Kg6 47. e5 h5# 0-1

[Event "Guernsey Open"]
[Site "Guernsey GCI"]
[Date "2007.10.24"]
[Round "4"]
[White "Ryan, Julian"]
[Black "Downey, Keith A"]
[Result "0-1"]
[WhiteElo "1885"]
[BlackElo "1879"]
[PlyCount "54"]
[EventDate "2006.10.15"]
[SourceDate "2006.10.28"]

1. e4 c5 2. Nf3 e6 3. d4 cxd4 4. Nxd4 a6 5. Nc3 Qc7 6. Be3 Nf6 7. Qd2 Bb4 8. f3
d5 9. Bd3 dxe4 10. fxe4 O-O 11. O-O Ng4 12. Nf3 Nxe3 13. Qxe3 Bc5 14. Nd4 Nc6
15. Nce2 Nxd4 16. Nxd4 e5 17. c3 Bb6 18. Rac1 Qd6 19. Qg3 Qe7 20. Kh1 exd4 21.
cxd4 Bd7 22. d5 Rac8 23. d6 Qe6 24. e5 Rxc1 25. Rxc1 Rc8 26. Rf1 h6 27. Bf5
Qxf5 0-1

[Event "Guernsey Open"]
[Site "Guernsey GCI"]
[Date "2007.10.25"]
[Round "5"]
[White "Van Onzen, Jeroen"]
[Black "Ravikumar, Vaidyanathan"]
[Result "1/2-1/2"]
[WhiteElo "1988"]
[BlackElo "2350"]
[PlyCount "129"]
[EventDate "2006.10.15"]
[SourceDate "2006.10.28"]

1. e4 c5 2. d4 cxd4 3. c3 d3 4. c4 d6 5. Nc3 Nf6 6. Bxd3 Nc6 7. h3 g6 8. Nf3
Bg7 9. Be3 O-O 10. O-O Nd7 11. Rc1 Qa5 12. a3 Nde5 13. Nxe5 dxe5 14. Nb5 Qd8
15. b4 Nd4 16. Bb1 Be6 17. f4 Bxc4 18. Rxc4 Nxb5 19. Qxd8 Rfxd8 20. a4 exf4 21.
Bxf4 Nc3 22. Be3 Rd7 23. a5 a6 24. Bc2 e6 25. Rf3 Ne2+ 26. Kf1 Nd4 27. Bxd4
Rxd4 28. Rc7 Rxb4 29. Rcxf7 Rc8 30. Bb3 Rxb3 31. Rxg7+ Kxg7 32. Rxb3 Rc7 33. e5
Kh6 34. Rb6 Re7 35. Kf2 Kg5 36. Ke3 Kf5 37. Kd4 h5 38. g3 g5 39. Rd6 h4 40.
gxh4 gxh4 41. Rd8 Kf4 42. Rg8 Rd7+ 43. Kc3 Kxe5 44. Rh8 Rd5 45. Rxh4 Kd6 46.
Rh7 Rxa5 47. Rxb7 Ra3+ 48. Kb2 Rxh3 49. Rb6+ Kd5 50. Rxa6 e5 51. Kc2 Ke4 52.
Kd2 Rh2+ 53. Ke1 Kf4 54. Ra3 e4 55. Rb3 Ra2 56. Rc3 Ke5 57. Rb3 Kd5 58. Rc3 Kd4
59. Rh3 Rc2 60. Ra3 Rc4 61. Ke2 Rb4 62. Rh3 Rb2+ 63. Ke1 Ra2 64. Rg3 e3 65. Rg8
1/2-1/2

[Event "Guernsey Open"]
[Site "Guernsey GCI"]
[Date "2007.10.25"]
[Round "5"]
[White "Bellin, Robert"]
[Black "Prins, Jan"]
[Result "1-0"]
[WhiteElo "2400"]
[BlackElo "2090"]
[PlyCount "119"]
[EventDate "2006.10.15"]
[SourceDate "2006.10.28"]

1. Nf3 Nf6 2. g3 g6 3. c4 c6 4. Bg2 Bg7 5. d4 d5 6. cxd5 cxd5 7. O-O O-O 8. Ne5
Nc6 9. Nc3 Be6 10. Nxc6 bxc6 11. Na4 Bf5 12. b3 Rc8 13. Ba3 Ne4 14. Rc1 Bh6 15.
e3 Re8 16. Re1 Bf8 17. f3 Nf6 18. g4 Bd7 19. h3 e5 20. Bxf8 Kxf8 21. dxe5 Rxe5
22. Qd4 Qe7 23. f4 Re6 24. g5 Ng8 25. Qxa7 Re8 26. Nc5 Rd6 27. e4 Be6 28. Qxe7+
Nxe7 29. Re2 Ra8 30. Rce1 dxe4 31. Nxe6+ Rxe6 32. Bxe4 Ra5 33. h4 Rc5 34. Kf2
Rc3 35. Re3 Rxe3 36. Rxe3 c5 37. Kf3 Ra6 38. Re2 Ra3 39. Rc2 c4 40. Rxc4 Rxa2
41. Rc2 Ra1 42. Kf2 Rd1 43. Ke2 Rd4 44. Rc4 Rd6 45. b4 Rb6 46. Kd3 Ke8 47. Rd4
f5 48. Bf3 Rc6 49. Rc4 Rd6+ 50. Rd4 Ra6 51. Kc4 Ra3 52. Rd3 Ra1 53. b5 Ra4+ 54.
Kc5 Nc8 55. b6 Nxb6 56. Bc6+ Ke7 57. Bxa4 Nxa4+ 58. Kc6 Nb2 59. Rd4 Kf7 60. Kb5
1-0

[Event "Guernsey Open"]
[Site "Guernsey GCI"]
[Date "2007.10.25"]
[Round "5"]
[White "Van der Linde, M."]
[Black "Bucher, Grant"]
[Result "1-0"]
[WhiteElo "2192"]
[BlackElo "1904"]
[PlyCount "41"]
[EventDate "2006.10.15"]
[SourceDate "2006.10.28"]

1. e4 e5 2. Nf3 f5 3. Nxe5 Qf6 4. d4 d6 5. Nc4 fxe4 6. Be2 Ne7 7. O-O Nf5 8. d5
Na6 9. Nc3 Nc5 10. Be3 Nxe3 11. fxe3 Qg5 12. b4 Na6 13. Nxe4 Qe7 14. Qd4 Nxb4
15. Bh5+ Kd8 16. Rf2 Bf5 17. Rxf5 Nxc2 18. Qc3 Nxa1 19. Ng5 Rg8 20. Ne6+ Kc8
21. Rf7 1-0

[Event "Guernsey Open"]
[Site "Guernsey GCI"]
[Date "2007.10.25"]
[Round "5"]
[White "Heppell, Ian N"]
[Black "Khamroev, Ravshah"]
[Result "1-0"]
[WhiteElo "2150"]
[BlackElo "2083"]
[PlyCount "77"]
[EventDate "2006.10.15"]
[SourceDate "2006.10.28"]

1. e4 c5 2. Nf3 Nc6 3. c3 d5 4. exd5 Qxd5 5. d4 cxd4 6. cxd4 Bg4 7. Nc3 Bxf3 8.
gxf3 Qxd4 9. Qxd4 Nxd4 10. Nb5 e5 11. Nc7+ Kd7 12. Nxa8 Bb4+ 13. Kd1 Ne7 14.
Be3 Rxa8 15. Bh3+ Ke8 {(=)} 16. Bxd4 exd4 17. Rc1 Nc6 18. a3 Bd6 19. Bf5 Bf4
20. Rc5 Rd8 21. Re1+ Kf8 22. h3 g6 23. Bd3 f5 24. Re6 Ne7 25. h4 b6 26. Rc2 Rd6
27. Rxd6 Bxd6 28. Bc4 Ke8 29. Kd2 Be5 30. Kd3 Bf6 31. Be6 Kd8 32. Rc4 Bg7 33.
a4 Bf6 34. b4 a6 35. b5 a5 36. Rxd4+ Bxd4 37. Kxd4 Ke8 38. Ke5 Kf8 39. f4 1-0

[Event "Guernsey Open"]
[Site "Guernsey GCI"]
[Date "2007.10.25"]
[Round "5"]
[White "Kamps, JW."]
[Black "Taylor, Mark V"]
[Result "1-0"]
[WhiteElo "2077"]
[BlackElo "2150"]
[PlyCount "77"]
[EventDate "2006.10.15"]
[SourceDate "2006.10.28"]

1. e4 e6 2. d4 b6 3. Nc3 Bb7 4. Bd3 c5 5. Nf3 cxd4 6. Nxd4 a6 7. a4 d6 8. O-O
Nf6 9. Kh1 Be7 10. f4 Nbd7 11. Qe1 Qc7 12. Nf3 Nc5 13. Bd2 d5 14. e5 Nfe4 15.
Bxe4 Nxe4 16. Nxe4 dxe4 17. Nd4 Bc5 18. Bc3 O-O-O 19. Nb3 Rd5 20. Nxc5 Rxc5 21.
Qe3 Rd8 22. Bd4 Rxd4 23. Qxd4 e3 24. Qxe3 Rxc2 25. Rf2 Kb8 26. h3 Qc6 27. Raf1
Qxg2+ 28. Rxg2 Rxg2 29. Rf3 Rg3 30. Qxb6 Rxf3 31. Qd8+ Ka7 32. Qd4+ Ka8 33. Kh2
h5 34. b3 Bd5 35. Qb6 Rxf4 36. Qxa6+ Kb8 37. Qb6+ Kc8 38. a5 h4 39. Kg1 1-0

[Event "Guernsey Open"]
[Site "Guernsey GCI"]
[Date "2007.10.25"]
[Round "5"]
[White "Lewyk, Ivor"]
[Black "Goris, AA."]
[Result "1-0"]
[WhiteElo "2105"]
[BlackElo "2056"]
[PlyCount "133"]
[EventDate "2006.10.15"]
[SourceDate "2006.10.28"]

1. Nf3 Nf6 2. d4 e6 3. e3 c5 4. Bd3 d5 5. b3 Nc6 6. O-O cxd4 7. exd4 Be7 8. Bb2
O-O 9. Nbd2 b6 10. Re1 Bb7 11. Ne5 Rc8 12. a3 Nxe5 13. dxe5 Ne4 14. Qe2 Nc5 15.
Nf3 Nxd3 16. cxd3 Qd7 17. d4 Rc7 18. Rec1 Rfc8 19. Rxc7 Rxc7 20. g3 Qc8 21. Ne1
Ba6 22. Qd2 h6 23. f4 g5 24. Rc1 Rxc1 25. Bxc1 {(=)} gxf4 26. gxf4 Kh7 27. Ng2
Qg8 28. f5 Bg5 29. Qc2 Qc8 30. Qxc8 Bxc8 31. Bxg5 hxg5 32. fxe6 fxe6 {(=)} 33.
Kf2 Kg6 34. Ne3 Ba6 35. Kf3 Bd3 36. b4 a5 37. Kg4 axb4 38. axb4 Be2+ 39. Kg3
Bd3 40. Nd1 Kf5 41. Nc3 b5 42. Kf3 Bf1 43. Nd1 Bd3 44. Ne3+ Kg6 45. Ng4 Kf5 46.
Nf6 Bc2 47. Ne8 Bd1+ 48. Ke3 Kg4 49. Ng7 Kh3 50. Nxe6 g4 51. Nf4+ Kxh2 52. e6
g3 53. e7 Bh5 54. Nxh5 g2 55. e8=Q g1=Q+ 56. Kf3 Qg2+ 57. Kf4 Qf2+ 58. Kg5 Qg2+
59. Kf5 Qc2+ 60. Ke6 Qe4+ 61. Kd7 Qxd4 62. Qe2+ Kh3 63. Qf3+ Kh4 64. Qf4+ Qxf4
65. Nxf4 d4 66. Kc6 Kg4 67. Nd3 1-0

[Event "Guernsey Open"]
[Site "Guernsey GCI"]
[Date "2007.10.25"]
[Round "5"]
[White "Von Saldern, Ruediger"]
[Black "Bolt, Graham"]
[Result "1/2-1/2"]
[WhiteElo "2048"]
[BlackElo "2097"]
[PlyCount "136"]
[EventDate "2006.10.15"]
[SourceDate "2006.10.28"]

1. d4 Nf6 2. Nf3 g6 3. Bg5 Bg7 4. e3 O-O 5. Be2 d5 6. O-O Ne4 7. Bh4 c5 8. c3
Nc6 9. Nbd2 cxd4 10. Nxd4 Nxd2 11. Qxd2 Nxd4 12. cxd4 Qd6 13. Rac1 Bd7 14. Rc5
Bc6 15. Rfc1 Rfe8 16. Bb5 Bxb5 17. Rxb5 b6 18. Bg3 Qd7 19. Rb3 Rac8 20. Rbc3
Rxc3 21. Qxc3 e6 22. h3 Bf6 23. Qc7 Rd8 24. Qf4 Kg7 25. Rc7 Qe8 26. Rxa7 Rd7
27. Rxd7 Qxd7 28. Qc7 Qb5 29. b3 h5 30. h4 Qa5 31. Qb8 g5 32. hxg5 Bxg5 33.
Qe5+ Bf6 34. Qxh5 Qxa2 35. Be5 Bxe5 36. Qxe5+ Kg6 37. Qg3+ Kf6 38. Qf4+ Kg6 39.
Qg4+ Kf6 40. Qd1 b5 41. g3 b4 42. Kg2 Qb2 43. g4 Qc3 44. Kg3 Kg7 45. Kf3 Kf6
46. Kf4 Qc7+ 47. Kf3 Qc3 48. Qb1 Kg7 49. g5 Qd2 50. Kg3 Qc3 51. Qh1 Qxb3 52.
Qh6+ Kg8 53. g6 fxg6 54. Qxg6+ Kh8 55. Qh6+ Kg8 56. Qxe6+ Kh8 57. Qf6+ Kh7 58.
Kf4 Qc4 59. Kg5 Qb5 60. Qe7+ Kg8 61. f4 Qb8 62. Qe6+ Kh7 63. Qe7+ Kg8 64. Qe6+
Kh7 65. Qf7+ Kh8 66. Qf6+ Kh7 67. Qe7+ Kg8 68. f5 Qg3+ 1/2-1/2

[Event "Guernsey Open"]
[Site "Guernsey GCI"]
[Date "2007.10.25"]
[Round "5"]
[White "Rowe, Peter"]
[Black "Robinson, Tom"]
[Result "1-0"]
[WhiteElo "2046"]
[BlackElo "2090"]
[PlyCount "73"]
[EventDate "2006.10.15"]
[SourceDate "2006.10.28"]

1. d4 d5 2. Nf3 c6 3. c3 Bf5 4. Bf4 e6 5. e3 Nd7 6. Be2 h6 7. Nbd2 Be7 8. Ne5
Nxe5 9. dxe5 b5 10. Bf3 g5 11. Bg3 Bg6 12. Bh5 Bc5 13. Bxg6 fxg6 14. Qc2 Ne7
15. Nb3 Bb6 16. e4 Qd7 17. h4 gxh4 18. Bxh4 O-O-O 19. Bf6 Rh7 20. O-O-O Rf8 21.
Bxe7 Qxe7 22. f3 h5 23. Kb1 Rg7 24. exd5 cxd5 25. Nd4 Qe8 26. Qb3 a6 27. Qa3
Kb7 28. Nxe6 Qxe6 29. Qxf8 Rd7 30. Qf6 Qxf6 31. exf6 Rf7 32. Rxd5 Rxf6 33. Re1
Bc7 34. Kc2 h4 35. Rd3 g5 36. Re7 Kc6 37. Rde3 1-0

[Event "Guernsey Open"]
[Site "Guernsey GCI"]
[Date "2007.10.25"]
[Round "5"]
[White "Pickersgill, Adrian"]
[Black "Twitchell, David"]
[Result "0-1"]
[WhiteElo "2088"]
[BlackElo "1982"]
[PlyCount "58"]
[EventDate "2006.10.15"]
[SourceDate "2006.10.28"]

1. e4 e5 2. Nf3 Nc6 3. Bb5 f5 4. Nc3 fxe4 5. Nxe4 d5 6. Nxe5 dxe4 7. Nxc6 Qg5
8. Qe2 Nf6 9. f4 Qh4+ 10. g3 Qh3 11. Ne5+ c6 12. Bc4 Bc5 13. d3 Ng4 14. d4 Nxe5
15. fxe5 Bg4 16. Qf1 Qxf1+ 17. Rxf1 Bxd4 18. Bf7+ Kd7 19. Rf4 Bf3 20. e6+ Ke7
21. c3 Be5 22. Rf5 Bf6 23. Be3 b6 24. Bg5 Rad8 25. Bxf6+ gxf6 26. a4 Rd3 27. a5
b5 28. Rf4 Rhd8 29. Rh4 e3 0-1

[Event "Guernsey Open"]
[Site "Guernsey GCI"]
[Date "2007.10.25"]
[Round "5"]
[White "Tan, HB."]
[Black "Franklin, Sam"]
[Result "0-1"]
[WhiteElo "2086"]
[BlackElo "1917"]
[PlyCount "24"]
[EventDate "2006.10.15"]
[SourceDate "2006.10.28"]

1. e4 c5 2. d4 cxd4 3. c3 dxc3 4. Nxc3 Nc6 5. Nf3 e6 6. Bc4 Qc7 7. O-O Nf6 8.
Bg5 Ng4 9. Rc1 a6 10. Nd5 exd5 11. exd5 Nce5 12. h3 Nxf3+ 0-1

[Event "Guernsey Open"]
[Site "Guernsey GCI"]
[Date "2007.10.25"]
[Round "5"]
[White "Galliano, Alex"]
[Black "Lohou, Stephane"]
[Result "1-0"]
[WhiteElo "2012"]
[BlackElo "2161"]
[PlyCount "63"]
[EventDate "2006.10.15"]
[SourceDate "2006.10.28"]

1. e4 c5 2. c3 Nf6 3. e5 Nd5 4. d4 cxd4 5. Qxd4 e6 6. Nf3 Nc6 7. Qe4 f5 8. Qe2
d6 9. g3 Be7 10. Bg2 dxe5 11. Nxe5 Nxe5 12. Qxe5 Bf6 13. Qe2 O-O 14. O-O Qc7
15. Rd1 Bd7 16. Na3 a6 17. c4 Ne7 18. Bd2 Ng6 19. Bb4 Rfe8 20. Bd6 Qc8 21. c5
Bc6 22. Nc4 Bxg2 23. Kxg2 Qc6+ 24. Qf3 Ne7 25. Na5 Qxf3+ 26. Kxf3 Bxb2 27. Rab1
Bc3 28. Rxb7 Bxa5 29. Bxe7 Bd8 30. Bxd8 Raxd8 31. Rxd8 Rxd8 32. c6 1-0

[Event "Guernsey Open"]
[Site "Guernsey GCI"]
[Date "2007.10.25"]
[Round "5"]
[White "Kirby, Peter J"]
[Black "Minnican, Alan William"]
[Result "1/2-1/2"]
[WhiteElo "2055"]
[BlackElo "2110"]
[PlyCount "51"]
[EventDate "2006.10.15"]
[SourceDate "2006.10.28"]

1. e4 c5 2. Nf3 g6 3. d4 cxd4 4. Qxd4 Nf6 5. e5 Nc6 6. Qa4 Nd5 7. Qe4 Ndb4 8.
Na3 d5 9. Qf4 Bg7 10. Bd2 Qb6 11. c3 Na6 12. Nb5 Qd8 13. Nbd4 Nc5 14. Be3 Ne6
15. Nxe6 Bxe6 16. Bb5 Qc7 17. O-O O-O 18. Bxc6 bxc6 19. Qh4 f6 20. exf6 exf6
21. Bc5 Rfe8 22. Rfe1 Bf7 23. Qa4 a5 24. Nd4 Rxe1+ 25. Rxe1 Re8 26. Rxe8+
1/2-1/2

[Event "Guernsey Open"]
[Site "Guernsey GCI"]
[Date "2007.10.25"]
[Round "5"]
[White "Dennis, Nigel W"]
[Black "Thurlow, Kevin J"]
[Result "0-1"]
[WhiteElo "2005"]
[BlackElo "2091"]
[PlyCount "36"]
[EventDate "2006.10.15"]
[SourceDate "2006.10.28"]

1. e4 c5 2. Nf3 e6 3. d4 cxd4 4. Nxd4 Nc6 5. Nb5 Bc5 6. Nd6+ Ke7 7. Nxc8+ Rxc8
8. g3 Qb6 9. Qd2 Nf6 10. Bg2 Rhd8 11. c4 Ne5 12. b3 Bxf2+ 13. Kf1 Bd4 14. Bb2
Bxb2 15. Qxb2 Nfg4 16. Qd2 Ne3+ 17. Ke1 Nxg2+ 18. Qxg2 Qd4 0-1

[Event "Guernsey Open"]
[Site "Guernsey GCI"]
[Date "2007.10.25"]
[Round "5"]
[White "Spanton, Timothy R"]
[Black "Hamperl, Fred A"]
[Result "1/2-1/2"]
[WhiteElo "1985"]
[BlackElo "2077"]
[PlyCount "64"]
[EventDate "2006.10.15"]
[SourceDate "2006.10.28"]

1. e4 c5 2. Nf3 Nc6 3. Bb5 g6 4. Bxc6 dxc6 5. d3 Bg7 6. h3 Nf6 7. Nc3 Nd7 8.
Be3 e5 9. Qd2 h6 10. O-O Qe7 11. Nh2 Nf8 12. f4 exf4 13. Rxf4 Ne6 14. Rf2 Nd4
15. Nf3 Be6 16. Na4 b6 17. Nc3 g5 18. Nh2 O-O-O 19. Raf1 Rdf8 20. a4 f5 21.
exf5 Nxf5 22. Ne2 Bd7 23. Rf3 Re8 24. Ng4 Rhf8 25. Ng3 Nxe3 26. Rxf8 Rxf8 27.
Rxf8+ Qxf8 28. Nxe3 Qf4 29. Nh5 Qf7 30. Nxg7 Qxg7 31. b3 Qd4 32. Qf2 Kc7
1/2-1/2

[Event "Guernsey Open"]
[Site "Guernsey GCI"]
[Date "2007.10.25"]
[Round "5"]
[White "Williams, Peter A"]
[Black "Taylor, Geoffrey P"]
[Result "1-0"]
[WhiteElo "1816"]
[BlackElo "2063"]
[PlyCount "59"]
[EventDate "2006.10.15"]
[SourceDate "2006.10.28"]

1. d4 d5 2. c4 e6 3. Nc3 Nf6 4. Nf3 Nbd7 5. e3 c6 6. Bd3 Bd6 7. O-O O-O 8. e4
dxe4 9. Nxe4 Nxe4 10. Bxe4 h6 11. Bc2 Qc7 12. h3 Re8 13. b3 e5 14. dxe5 Nxe5
15. Bb2 Be6 16. Re1 Ng6 17. Qd4 Bf8 18. Nh4 Rad8 19. Qe4 Bc8 20. Qxe8 Rxe8 21.
Rxe8 Nxh4 22. Rd1 Bd7 23. Be5 Qa5 24. Rxd7 Qe1+ 25. Kh2 Qxf2 26. Be4 Nf5 27.
Rdd8 f6 28. Rxf8+ Kh7 29. Rd7 fxe5 30. Bxf5+ 1-0

[Event "Guernsey Open"]
[Site "Guernsey GCI"]
[Date "2007.10.25"]
[Round "5"]
[White "Collier, David O"]
[Black "Adair, James"]
[Result "1/2-1/2"]
[WhiteElo "2131"]
[BlackElo "2044"]
[PlyCount "62"]
[EventDate "2006.10.15"]
[SourceDate "2006.10.28"]

1. d4 Nf6 2. c4 e6 3. Nc3 Bb4 4. Qc2 d5 5. e3 O-O 6. Nf3 b6 7. cxd5 exd5 8. Bd3
Bb7 9. O-O a6 10. Ne5 Bd6 11. f4 c5 12. Rf3 Nc6 13. Nxc6 Bxc6 14. Bd2 Re8 15.
Raf1 Ne4 16. Ne2 f5 17. b3 Bb7 18. dxc5 bxc5 19. Bc1 Be7 20. Rh3 Rc8 21. Ng3
Rf8 22. Qe2 Rc6 23. Bb2 Bf6 24. Rc1 Nxg3 25. Rxg3 g6 26. Qd2 Bxb2 27. Qxb2 Qf6
28. Qxf6 Rfxf6 29. h4 h5 30. Kf2 Kf7 31. Rh3 Rfd6 1/2-1/2

[Event "Guernsey Open"]
[Site "Guernsey GCI"]
[Date "2007.10.25"]
[Round "5"]
[White "Grant, David"]
[Black "Havenaar, Jan"]
[Result "1/2-1/2"]
[WhiteElo "1924"]
[BlackElo "2196"]
[PlyCount "115"]
[EventDate "2006.10.15"]
[SourceDate "2006.10.28"]

1. e4 g6 2. d4 Bg7 3. Nf3 d6 4. Nc3 a6 5. a4 Nc6 6. Be3 e5 7. d5 Nce7 8. Nd2 f5
9. f3 Bh6 10. Bf2 Nf6 11. b4 O-O 12. Be2 Qe8 13. Nc4 Qf7 14. O-O b6 15. Kh1 Rb8
16. a5 b5 17. Na3 Bd7 18. Na2 Bf4 19. g3 Bh6 20. Kg2 Qe8 21. Qd3 Qc8 22. Rfe1
fxe4 23. fxe4 Bh3+ 24. Kg1 Ng4 25. Bxg4 Bxg4 26. Nb1 Bf3 27. Nac3 Rf7 28. Nd1
Qh3 29. Qf1 Qh5 30. c3 Rbf8 31. Ra2 Kh8 32. h3 g5 33. g4 Qg6 34. Qd3 Rf4 35.
Bg3 Bxe4 36. Rxe4 Rxe4 37. Rd2 Ref4 38. Bxf4 Qxd3 39. Bxe5+ dxe5 40. Rxd3 Ng6
41. Nd2 Nf4 42. Re3 Bg7 43. Nf2 Nxd5 44. Rd3 c6 45. Nde4 h6 46. Nc5 Rf4 47.
Nxa6 e4 48. Nxe4 Rxe4 49. Nb8 Bxc3 50. Nxc6 Nf4 51. Rd8+ Kg7 52. a6 Be1 53. a7
Bg3 54. Rd1 Re2 55. Rd7+ Kf6 56. Rd6+ Kg7 57. Rd7+ Kf6 58. Rd6+ 1/2-1/2

[Event "Guernsey Open"]
[Site "Guernsey GCI"]
[Date "2007.10.25"]
[Round "5"]
[White "De Kruif, Kees"]
[Black "Van Hoek, Wilhelmus J"]
[Result "1/2-1/2"]
[WhiteElo "2063"]
[BlackElo "1926"]
[PlyCount "66"]
[EventDate "2006.10.15"]
[SourceDate "2006.10.28"]

1. b4 d5 2. Bb2 c6 3. e3 Nd7 4. c4 e6 5. Nf3 Ngf6 6. a3 Be7 7. Be2 O-O 8. O-O
Ne4 9. d3 Nd6 10. Nbd2 dxc4 11. dxc4 c5 12. Qc2 Bf6 13. Rfd1 Bxb2 14. Qxb2 Qb6
15. b5 f6 16. Bd3 Rd8 17. a4 a5 18. Ne4 Nxe4 19. Bxe4 Nf8 20. Rd2 Bd7 21. Rad1
Be8 22. Nh4 Ng6 23. Nxg6 Bxg6 24. Bxg6 hxg6 25. f3 Kf8 26. Kf2 Ke7 27. Ke2
Rxd2+ 28. Qxd2 Rd8 29. Qxd8+ Qxd8 30. Rxd8 Kxd8 31. f4 Kd7 32. Kf3 Kd6 33. Kg4
Ke7 1/2-1/2